000 01429nam a2200301 i 4500
001 bg
245 0 0 _aPrzedsiębiorczość po wstąpieniu Polski do Unii Europejskiej =
_bEntrepreneuship in Poland after Eurpean Union accession ; Tworzenie warunków sprzyjających racjonalnemu wykorzystaniu potencjału produkcyjnego zasobu skarbu państwa.[T. 1] = Creation of the conditions facilitating rational use of productional potential of state treasury /
_cred. nauk. Lech Pałasz ; Akademia Rolnicza w Szczecinie.
246 1 _aPrzedsiębiorczość, zasoby skarbu państwa, Szczecin 2005
260 _aSzczecin :
_bAkademia Rolnicza,
_c2005.
300 _a369 s. :
_bfot., mapy., wykr. ;
_c24 cm.
500 _aTyt. grzbiet.: "Przedsiębiorczość, zasoby skarbu państwa, Szczecin 2005. T. 1".
500 _aTekst częśc. ang., streszcz. pol., ang. przy ref.
504 _aBibliogr. przy ref.
610 2 9 _aUnia Europejska
_xa Polska
_xrolnictwo
650 9 _aRolnictwo
_zPolska
_yod 2004 r.
650 9 _aWieś
_xgospodarka
_zPolska
_yod 2004 r.
651 9 _aPolska
_xa Unia Europejska
_xrolnictwo
655 _aMateriały konferencyjne
700 1 _aPAŁASZ, Lech.
_eRed.
710 0 _aAkademia Rolnicza (Szczecin)
020 _a8392123417
040 _cBPK
041 0 _apol
_beng
080 _a338.43(438:4-67)"1989/..."(061)
920 _a83-921234-1-7
942 _cKS
008 s pl f |000 0 pol
999 _c52621
_d52621
856 _uhttp://koha.tu.koszalin.pl/cgi-bin/koha/opac-detail.pl?biblionumber=52621
_yKatalog online BPK